[Event "N4 Rethe l/ Blagny"]
[Site "?"]
[Date "2013.01.27"]
[Round "5.3"]
[White "Noizet, Donatien"]
[Black "Giorgetti, Cyril"]
[Result "1/2-1/2"]
[WhiteElo "1940"]
[BlackElo "1931"]
[PlyCount "64"]
[EventDate "2013.01.27"]
[SourceDate "2013.01.27"]

1. e4 e6 2. d4 d5 3. e5 c5 4. c3 Nc6 5. Bb5 Qb6 6. Bxc6+ bxc6 7. Ne2 Ba6 8. Qb3
Qxb3 9. axb3 Bxe2 10. Kxe2 cxd4 11. cxd4 c5 12. Be3 cxd4 13. Bxd4 a5 14. Bc3
Bc5 15. b4 Bb6 16. bxa5 Ne7 17. Nd2 Bc7 18. Nf3 Nc6 19. b4 Kd7 20. Rhb1 Rhb8
21. a6 Rb5 22. Nd4 Nxd4+ 23. Bxd4 Bd8 24. Bc5 Be7 25. Bxe7 Kxe7 26. Ra4 Kd7 27.
Rc1 Rb6 28. a7 Rb7 29. Rca1 Rb6 30. Rc1 Rb7 31. Rca1 Rb6 32. Kd3 Kc7 1/2-1/2

[Event "N4 Rethe l/ Blagny"]
[Site "?"]
[Date "2013.01.27"]
[Round "5.4"]
[White "Dubuisson, Thomas"]
[Black "Meunier, Samuel"]
[Result "0-1"]
[WhiteElo "1992"]
[BlackElo "1919"]
[PlyCount "48"]
[EventDate "2013.01.27"]
[SourceDate "2013.01.27"]

1. e4 c5 2. b3 Nf6 3. Nc3 d6 4. Bb2 g6 5. Bb5+ Nbd7 6. f4 Bg7 7. Qe2 O-O 8.
O-O-O a6 9. Bc4 b5 10. Bd5 Nxd5 11. Nxd5 Bxb2+ 12. Kxb2 e6 13. Nc3 Nb6 14. d4
b4 15. Nb1 Qc7 16. c4 bxc3+ 17. Nxc3 Bd7 18. dxc5 dxc5 19. Qe3 Rfb8 20. Ka1 a5
21. Nge2 a4 22. bxa4 Bxa4 23. Nxa4 Nxa4 24. f5 Qe5+ 0-1

[Event "N4 Rethe l/ Blagny"]
[Site "?"]
[Date "2013.01.27"]
[Round "5.5"]
[White "Biniaux, Michael"]
[Black "Salentiny, Eric"]
[Result "0-1"]
[WhiteElo "1729"]
[BlackElo "1886"]
[PlyCount "64"]
[EventDate "2013.01.27"]
[SourceDate "2013.01.27"]

1. d4 Nf6 2. e3 e6 3. Bd3 c5 4. c3 Nc6 5. f4 d5 6. Nd2 Bd6 7. Ngf3 c4 8. Bc2 b5
9. Ne5 Qb6 10. a3 a5 11. O-O Rb8 12. Qf3 O-O 13. g4 Nd7 14. Qh3 f5 15. Ndf3
Bxe5 16. fxe5 Ne7 17. Kh1 Re8 18. Rg1 g6 19. Nh4 Nf8 20. gxf5 exf5 21. Nxf5 Kh8
22. Qg2 Nxf5 23. Bxf5 Bxf5 24. Qxd5 Qb7 25. Qxb7 Rxb7 26. Kg2 Rf7 27. Bd2 Be4+
28. Kh3 Rf3+ 29. Rg3 Rf2 30. Bc1 Bf5+ 31. Kh4 Rxh2+ 32. Kg5 Ne6+ 0-1

[Event "N4 Rethe l/ Blagny"]
[Site "?"]
[Date "2013.01.27"]
[Round "5.6"]
[White "Glod, Philippe"]
[Black "Robert, Emmanuel"]
[Result "1-0"]
[WhiteElo "1904"]
[BlackElo "1600"]
[PlyCount "71"]
[EventDate "2013.01.27"]
[SourceDate "2013.01.27"]

1. e4 d5 2. exd5 Nf6 3. Nf3 Bg4 4. Bb5+ c6 5. dxc6 bxc6 6. Be2 e6 7. d4 Bd6 8.
h3 Bf5 9. c4 Bxb1 10. Rxb1 Bb4+ 11. Bd2 Qa5 12. a3 Bxd2+ 13. Qxd2 Qxd2+ 14.
Nxd2 Nbd7 15. Bf3 Rc8 16. b4 O-O 17. Ne4 Rfd8 18. Nd6 Rc7 19. c5 Ne8 20. Nc4
Ndf6 21. Rd1 Nd5 22. Na5 Nc3 23. Nxc6 Rxc6 24. Bxc6 Nxd1 25. Kxd1 Rxd4+ 26. Kc2
Nc7 27. Kc3 Rd8 28. b5 Kf8 29. a4 a5 30. Rb1 Rc8 31. Kc4 Ke7 32. Bf3 e5 33. b6
Na6 34. c6 Kd6 35. Rd1+ Ke7 36. Kb5 1-0

[Event "N4 Rethe l/ Blagny"]
[Site "?"]
[Date "2013.01.27"]
[Round "5.7"]
[White "Monceau, Etienne"]
[Black "Fourcart, Marc"]
[Result "0-1"]
[WhiteElo "1450"]
[BlackElo "1691"]
[PlyCount "42"]
[EventDate "2013.01.27"]
[SourceDate "2013.01.28"]

1. d4 Nf6 2. c4 g6 3. Nc3 d5 4. e3 Bg7 5. Bd2 O-O 6. h3 a6 7. Nf3 dxc4 8. Bxc4
b5 9. Bd3 Bb7 10. O-O Nbd7 11. Ng5 c5 12. dxc5 Nxc5 13. Be2 h6 14. Nf3 Qb6 15.
b4 Nce4 16. Nxe4 Nxe4 17. Rc1 Rfd8 18. Qc2 Rac8 19. Qd1 Nxd2 20. Nxd2 Bc3 21.
Qc2 Rxd2 0-1

[Event "N4 Rethe l/ Blagny"]
[Site "?"]
[Date "2013.01.27"]
[Round "5.8"]
[White "Romain, Adeline"]
[Black "Pierlot, Aurore"]
[Result "1-0"]
[WhiteElo "1750"]
[BlackElo "1420"]
[PlyCount "29"]
[EventDate "2013.01.27"]
[SourceDate "2013.01.28"]

1. d4 d5 2. Nf3 Nf6 3. e3 e6 4. Nbd2 Nc6 5. b3 Bb4 6. a3 Ba5 7. Bd3 O-O 8. O-O
Bd7 9. b4 Bb6 10. Ne5 Nxe5 11. dxe5 Ne8 12. Qh5 h6 13. Nf3 f6 14. Qg6 Qe7 15.
Qh7+ 1-0

[Event "N4 Blagny / Tour du Roi"]
[Site "?"]
[Date "2013.02.10"]
[Round "6.1"]
[White "Monaville, Guy"]
[Black "Pytel, Krystof"]
[Result "0-1"]
[WhiteElo "2119"]
[BlackElo "2323"]
[PlyCount "92"]
[EventDate "2013.02.10"]
[SourceDate "2013.02.10"]

1. e4 d5 2. Nc3 dxe4 3. Nxe4 Bf5 4. Ng3 Bg6 5. Nf3 Nd7 6. d4 e6 7. Bd3 Ngf6 8.
Bg5 Be7 9. O-O O-O 10. Bxf6 Nxf6 11. Bxg6 hxg6 12. c3 c5 13. dxc5 Bxc5 14. Qxd8
Rfxd8 15. Rad1 a5 16. a4 Kf8 17. Rfe1 Rd5 18. Rxd5 Nxd5 19. Rd1 Ke7 20. Ne4 Bb6
21. c4 Nf6 22. Nxf6 gxf6 23. Kf1 Rc8 24. b3 Rc5 25. Nd4 Rh5 26. h3 Bc5 27. Nc2
Rh8 28. Ke2 f5 29. Ne1 Rc8 30. Nf3 f6 31. Ne1 Rc6 32. Nd3 Bd6 33. Rb1 e5 34. g3
g5 35. Nb2 e4 36. Nd1 f4 37. gxf4 gxf4 38. Nc3 f5 39. Nd5+ Kf7 40. Rh1 f3+ 41.
Ke3 Ke6 42. h4 Ke5 43. h5 Bc5+ 44. Kd2 Rh6 45. Ne3 Bxe3+ 46. fxe3 b6 0-1

[Event "N4 Blagny / Tour du Roi"]
[Site "?"]
[Date "2013.02.10"]
[Round "6.2"]
[White "Lassalle, Arnaud"]
[Black "Dubuisson, Thomas"]
[Result "1/2-1/2"]
[WhiteElo "2071"]
[BlackElo "1992"]
[PlyCount "20"]
[EventDate "2013.02.10"]
[SourceDate "2013.02.10"]

1. e4 e6 2. d4 d5 3. Nd2 dxe4 4. Nxe4 Nd7 5. Nf3 Ngf6 6. Bg5 Be7 7. Nxf6+ Bxf6
8. h4 O-O 9. Qd2 e5 10. O-O-O exd4 1/2-1/2

[Event "N4 Blagny / Tour du Roi"]
[Site "?"]
[Date "2013.02.10"]
[Round "6.3"]
[White "Salentiny, Eric"]
[Black "Halfaoui, Eddine"]
[Result "1/2-1/2"]
[WhiteElo "1886"]
[BlackElo "1890"]
[PlyCount "90"]
[EventDate "2013.02.10"]
[SourceDate "2013.02.10"]

1. f4 d5 2. Nf3 Nf6 3. b3 e6 4. Bb2 Be7 5. e3 O-O 6. Bd3 h6 7. h3 Ne4 8. Bxe4
dxe4 9. Nd4 Bf6 10. c3 c5 11. Ne2 Nc6 12. O-O b6 13. Ng3 Ba6 14. Rf2 Bh4 15.
Kh2 Ne7 16. c4 Bxg3+ 17. Kxg3 Nf5+ 18. Kh2 Nxe3 19. Qc1 Nf5 20. Nc3 Bb7 21. Qe1
Qh4 22. Rf1 Rad8 23. Rd1 Rd3 24. Nxe4 Qxe1 25. Rfxe1 Rfd8 26. Nc3 Rxd2 27. Rxd2
Rxd2 28. Re2 Rxe2 29. Nxe2 f6 30. g4 Nd6 31. Nc3 Bc6 32. h4 Kf7 33. Kg3 Kg6 34.
Bc1 h5 35. g5 Nf5+ 36. Kh3 Nd4 37. Nd1 Kf5 38. gxf6 gxf6 39. Nc3 Nc2 40. Kg3
Ne1 41. Nd1 Nd3 42. Bd2 Nb4 43. Nc3 Nc2 44. Bc1 Nd4 45. Be3 Nc2 1/2-1/2

[Event "N4 Blagny / Tour du Roi"]
[Site "?"]
[Date "2013.02.10"]
[Round "6.4"]
[White "Pytel, Bozena"]
[Black "Giorgetti, Cyril"]
[Result "1/2-1/2"]
[WhiteElo "1931"]
[BlackElo "1937"]
[PlyCount "85"]
[EventDate "2013.02.10"]
[SourceDate "2013.02.10"]

1. Nf3 d5 2. d4 Nf6 3. c4 c6 4. Nc3 e6 5. Bg5 Be7 6. e3 a6 7. Qc2 Nbd7 8. Bd3
dxc4 9. Bxc4 b5 10. Bd3 Bb7 11. O-O c5 12. Bxf6 Nxf6 13. Ne4 cxd4 14. Nxd4 Rc8
15. Qb1 Qd5 16. f3 Qe5 17. a4 Bxe4 18. Bxe4 Nxe4 19. fxe4 b4 20. Qd3 a5 21.
Rac1 Rxc1 22. Rxc1 O-O 23. Nc6 Qg5 24. e5 g6 25. g3 Bd8 26. Kg2 Bb6 27. Re1 Kg7
28. h4 Qf5 29. Qxf5 exf5 30. Kf3 Rc8 31. Rc1 Rc7 32. Rc4 Rd7 33. Nd4 Re7 34.
Rc6 Bc7 35. e6 Be5 36. exf7 Kxf7 37. b3 Rd7 38. Rc4 Bxd4 39. exd4 Rd5 40. Ke3
Ke6 41. Rc6+ Rd6 42. Rc5 Rd5 43. Rc6+ 1/2-1/2

[Event "N4 Blagny / Tour du Roi"]
[Site "?"]
[Date "2013.02.10"]
[Round "6.5"]
[White "Hanot, Wilfried"]
[Black "Hacene, Ahmed"]
[Result "1/2-1/2"]
[WhiteElo "1829"]
[BlackElo "1772"]
[PlyCount "93"]
[EventDate "2013.02.10"]
[SourceDate "2013.02.10"]

1. e4 e6 2. Nc3 d5 3. exd5 exd5 4. d4 Nf6 5. Bd3 Bd6 6. Nge2 c5 7. dxc5 Bxc5 8.
O-O O-O 9. Bg5 Be6 10. Nf4 h6 11. Bxf6 Qxf6 12. Ncxd5 Bxd5 13. Nxd5 Qd8 14. Qf3
Nc6 15. Nf4 Qg5 16. Qe4 Rfe8 17. Qh7+ Kf8 18. Ng6+ fxg6 19. Bxg6 Ne5 20. Bxe8
Rxe8 21. Qe4 Ng4 22. Qf3+ Kg8 23. h3 Nf6 24. Qxb7 Ne4 25. Rad1 Nd2 26. Qd7 Rd8
27. Qe6+ Kh8 28. Rfe1 Nf3+ 29. Kh1 Nxe1 30. Rxd8+ Qxd8 31. Qxe1 Qd4 32. c3 Qxf2
33. Qxf2 Bxf2 34. g4 Kg8 35. Kg2 Be3 36. Kf3 Bc1 37. b3 Kf7 38. Ke4 Ke6 39. c4
Ba3 40. Kd4 Kd6 41. Ke4 g6 42. Kd4 a6 43. Ke4 Bb2 44. Kd3 Ba3 45. Kd4 Bc5+ 46.
Ke4 Ke6 47. h4 1/2-1/2

[Event "N4 Blagny / Tour du Roi"]
[Site "?"]
[Date "2013.02.10"]
[Round "6.6"]
[White "Louis, André"]
[Black "Peltriaux, Guillaume"]
[Result "0-1"]
[WhiteElo "1708"]
[BlackElo "1861"]
[PlyCount "96"]
[EventDate "2013.02.10"]
[SourceDate "2013.02.10"]

1. e4 d5 2. exd5 Qxd5 3. Nc3 Qa5 4. Nf3 Nf6 5. Bc4 Bg4 6. O-O Qh5 7. Be2 Nc6 8.
d3 e5 9. Be3 O-O-O 10. Qe1 Nd4 11. Bxd4 exd4 12. Ne4 Qd5 13. Nfd2 Bxe2 14. Qxe2
Bb4 15. f3 h5 16. a3 Bd6 17. Nc4 Bf4 18. a4 Rhe8 19. Nxf6 gxf6 20. Qf2 Re3 21.
Qh4 Bg5 22. Qh3+ Kb8 23. Nxe3 dxe3 24. Rae1 Bf4 25. Re2 Rh8 26. Qh4 Qd6 27. Kh1
f5 28. g3 Bh6 29. Qh3 Qd5 30. Qg2 f4 31. gxf4 Bxf4 32. Rg1 a6 33. Qh3 f6 34.
Rg6 Bg5 35. Rg7 h4 36. Rd7 Qc6 37. b3 Qc3 38. Qf1 Qc6 39. Rg7 Qd5 40. Qg2 Qd6
41. Rxg5 fxg5 42. Qxg5 h3 43. Qxe3 Rf8 44. Qe4 Qh6 45. Qe3 Rxf3 46. Qe8+ Ka7
47. Re1 Qf4 48. Rg1 Rf2 0-1

[Event "N4 Blagny / Tour du Roi"]
[Site "?"]
[Date "2013.02.10"]
[Round "6.7"]
[White "Fourcart, Marc"]
[Black "Shaverdashivili, Irakli"]
[Result "0-1"]
[WhiteElo "1691"]
[BlackElo "1660"]
[PlyCount "40"]
[EventDate "2013.02.10"]
[SourceDate "2013.02.10"]

1. e4 c5 2. Nf3 Nc6 3. d4 e6 4. Nc3 d5 5. exd5 exd5 6. Bb5 Nf6 7. O-O Be7 8.
dxc5 Bxc5 9. Re1+ Be6 10. Ne5 Qb6 11. Qf3 O-O 12. Nd3 Bd6 13. Bxc6 bxc6 14. Ne5
Rac8 15. b3 Rfe8 16. Na4 Qc7 17. Bb2 Ne4 18. Ng4 Bxg4 19. Qxg4 Bxh2+ 20. Kh1
Nxf2# 0-1

[Event "N4 Blagny / Tour du Roi"]
[Site "?"]
[Date "2013.02.10"]
[Round "6.8"]
[White "Lechein, Capucine"]
[Black "Romain, Adeline"]
[Result "0-1"]
[WhiteElo "1099"]
[BlackElo "1750"]
[PlyCount "40"]
[EventDate "2013.02.10"]
[SourceDate "2013.02.10"]

1. e4 d5 2. exd5 Qxd5 3. Nc3 Qa5 4. Nf3 c6 5. Be2 Nf6 6. d4 g6 7. Be3 Bg7 8.
O-O O-O 9. Qd3 Bf5 10. Qd2 Nbd7 11. Rac1 Ng4 12. Bf4 Rad8 13. h3 Ngf6 14. Bh6
e5 15. dxe5 Nxe5 16. Qg5 Nxf3+ 17. Bxf3 Rfe8 18. a3 Qc7 19. Rfd1 Rxd1+ 20. Nxd1
Re1# 0-1

[Event "N4 TGV - E AUBOIS"]
[Site "?"]
[Date "2013.02.10"]
[Round "6"]
[White "Brun, Franck"]
[Black "Brodier, Thierry"]
[Result "1-0"]
[WhiteElo "1791"]
[BlackElo "1674"]
[PlyCount "77"]
[EventDate "2013.02.10"]
[SourceDate "2013.02.10"]

1. e4 c5 2. Nf3 d6 3. Bb5+ Bd7 4. Bxd7+ Nxd7 5. O-O Ngf6 6. Re1 g6 7. c3 Bg7 8.
d4 cxd4 9. cxd4 e6 10. e5 dxe5 11. dxe5 Nd5 12. Bg5 Qc7 13. Qd4 O-O 14. Nbd2
Rfc8 15. Rac1 Qb6 16. Qxb6 N5xb6 17. Bf4 Nd5 18. Bg3 Nb4 19. a3 Nd3 20. Rxc8+
Rxc8 21. Re3 Rc1+ 22. Nf1 Rd1 23. N3d2 N3xe5 24. f4 Nc6 25. Rd3 Nc5 26. Rf3
Bxb2 27. Bf2 Bd4 28. Nb3 Bxf2+ 29. Kxf2 Nxb3 30. Rxb3 b6 31. Rc3 Na5 32. Ne3
Rd7 33. Ng4 Kg7 34. Ke3 f6 35. h4 h5 36. Nf2 Kf7 37. Ne4 Nb7 38. Rc8 Rd8 39.
Rc7+ 1-0

[Event "N4 TGV - E AUBOIS"]
[Site "?"]
[Date "2013.02.10"]
[Round "6"]
[White "Guillaume, Jean-Francois"]
[Black "Wille, Frederic"]
[Result "1-0"]
[WhiteElo "1845"]
[BlackElo "1596"]
[PlyCount "71"]
[EventDate "2013.02.10"]
[SourceDate "2013.02.10"]

1. Nf3 Nf6 2. g3 d5 3. Bg2 c6 4. O-O Bf5 5. d3 h6 6. Nbd2 Nbd7 7. Qe1 e6 8. e4
dxe4 9. dxe4 Bh7 10. Qe2 Qc7 11. Ne1 Bc5 12. Nd3 Bb6 13. Nc4 O-O 14. a4 Bc5 15.
Nxc5 Nxc5 16. f3 Rad8 17. Be3 Qe7 18. a5 a6 19. Nb6 e5 20. Rfd1 Ne6 21. c3
Rxd1+ 22. Rxd1 Rd8 23. Nc4 Rxd1+ 24. Qxd1 Qd7 25. Qd6 Qxd6 26. Nxd6 Nd7 27.
Nxb7 f5 28. Bh3 g6 29. exf5 gxf5 30. Nd6 Nec5 31. Nxf5 Nb7 32. Nxh6+ Kg7 33.
Bxd7 Nxa5 34. Ng4 Nc4 35. Bc1 c5 36. Be6 1-0

[Event "N4 TGV - E AUBOIS"]
[Site "?"]
[Date "2013.02.10"]
[Round "6"]
[White "Hascher, Nicolas"]
[Black "Belloy, Julien"]
[Result "1-0"]
[WhiteElo "1948"]
[BlackElo "1955"]
[PlyCount "65"]
[EventDate "2013.02.10"]
[SourceDate "2013.02.10"]

1. d4 d5 2. c4 c6 3. Nc3 Nf6 4. Nf3 e6 5. Bg5 Nbd7 6. e3 Qa5 7. Nd2 dxc4 8.
Bxf6 Nxf6 9. Nxc4 Qg5 10. h4 Qg4 11. Be2 Qxg2 12. Bf3 Qg6 13. Ne5 Qh6 14. Nxc6
Bd6 15. Nb5 O-O 16. Nxd6 bxc6 17. Qa4 Bd7 18. Qa5 Nd5 19. Ke2 Qf6 20. Rag1 e5
21. Ne4 Qe7 22. Qc5 Qd8 23. dxe5 Rb8 24. b3 Rb5 25. Qd6 f5 26. exf6 Nxf6 27.
Nc5 Bf5 28. Qxd8 Rxd8 29. Rc1 Ra5 30. a4 Rb8 31. Rhd1 Rxc5 32. Rxc5 Rxb3 33.
Rxf5 1-0

[Event "N4 TGV - E AUBOIS"]
[Site "?"]
[Date "2013.02.10"]
[Round "6"]
[White "Reynier, Cedric"]
[Black "Ferrand, Christophe"]
[Result "0-1"]
[WhiteElo "1674"]
[BlackElo "1886"]
[PlyCount "86"]
[EventDate "2013.02.10"]
[SourceDate "2013.02.10"]

1. d4 Nf6 2. c4 e6 3. g3 d5 4. Bg2 b6 5. Nf3 Bb7 6. O-O Nbd7 7. Nbd2 Bd6 8. e3
O-O 9. Qc2 c5 10. b3 Rc8 11. Ba3 Re8 12. dxc5 Nxc5 13. Bxc5 bxc5 14. Rad1 Qb6
15. Qb2 a5 16. Qc3 Qb4 17. Qxb4 axb4 18. Rfe1 Ra8 19. Ra1 Ra7 20. Nb1 Ne4 21.
a4 bxa3 22. Nxa3 Rea8 23. Nc2 Ra2 24. Rxa2 Rxa2 25. Rc1 Rb2 26. b4 cxb4 27.
cxd5 Nc3 28. Bf1 Bxd5 29. Nfd4 g6 30. Nb5 Nxb5 31. Bxb5 Be5 32. Ne1 b3 33. Nd3
Rc2 34. Rb1 Bf6 35. e4 Bxe4 36. Rxb3 Bd4 37. Rb4 e5 38. Nxe5 Bxf2+ 39. Kf1 Bf5
40. g4 Be6 41. Rf4 Bh4 42. Nf3 g5 43. Rd4 Rf2+ 0-1

[Event "N4 TGV - E AUBOIS"]
[Site "?"]
[Date "2013.02.10"]
[Round "6"]
[White "Cauvin, Alain"]
[Black "Catherine, Bertrand"]
[Result "1-0"]
[WhiteElo "1651"]
[BlackElo "1855"]
[PlyCount "43"]
[EventDate "2013.02.10"]
[SourceDate "2013.02.10"]

1. e4 c5 2. Nf3 Nc6 3. Bc4 e6 4. O-O d5 5. exd5 exd5 6. Be2 Nf6 7. d3 Be7 8. d4
O-O 9. Be3 Ne4 10. dxc5 Bxc5 11. Bxc5 Nxc5 12. c3 Bg4 13. Nd4 Bxe2 14. Nxe2 Ne6
15. Nd2 d4 16. Nf3 dxc3 17. Nxc3 Ncd4 18. Nxd4 Nxd4 19. Qg4 Qb6 20. Rad1 Rad8
21. b3 Qe6 22. Rxd4 1-0

[Event "N4 TGV - E AUBOIS"]
[Site "?"]
[Date "2013.02.10"]
[Round "6"]
[White "Carre, Cedric"]
[Black "Guyot, Philippe"]
[Result "1-0"]
[WhiteElo "2066"]
[BlackElo "1983"]
[PlyCount "53"]
[EventDate "2013.02.10"]
[SourceDate "2013.02.10"]

1. e4 e6 2. d4 d5 3. e5 c5 4. c3 Nc6 5. Nf3 Nge7 6. Na3 cxd4 7. cxd4 Ng6 8. Nc2
Nb4 9. Ne3 Be7 10. Bd2 O-O 11. a3 Nc6 12. Bd3 Qb6 13. Bc3 Bd7 14. h4 f6 15.
Bxg6 hxg6 16. Qd3 f5 17. g3 Kf7 18. Ng2 Rh8 19. Rg1 Na5 20. Nf4 Nb3 21. Rd1
Rac8 22. g4 Ba4 23. Nxg6 Rh6 24. gxf5 Bb5 25. fxe6+ Ke8 26. Qf5 Rxg6 27. Rxg6
1-0

[Event "Bogny/Epernay"]
[Site "?"]
[Date "2013.02.10"]
[Round "6"]
[White "Leghbali, Sophiane"]
[Black "Tatard, Marie"]
[Result "1-0"]
[WhiteElo "1894"]
[BlackElo "1855"]
[PlyCount "93"]
[EventDate "2013.02.12"]
[SourceDate "2013.02.12"]

1. e4 e6 2. d4 d5 3. exd5 exd5 4. Bd3 Nf6 5. Nf3 Be7 6. O-O O-O 7. Re1 Bg4 8.
c3 c5 9. Nbd2 Nc6 10. Qc2 Rc8 11. Qb1 cxd4 12. cxd4 Nb4 13. Ne5 Nxd3 14. Qxd3
Bh5 15. Nf1 Bg6 16. Nxg6 fxg6 17. Bg5 Qd6 18. Re5 Qb4 19. b3 Rc3 20. Qd2 Bd6
21. Bxf6 gxf6 22. Re6 Rc6 23. Qxb4 Bxb4 24. Rxc6 bxc6 25. Rc1 c5 26. dxc5 d4
27. c6 Bc3 28. Ng3 Rc8 29. Ne2 d3 30. Nxc3 Rxc6 31. Kf1 d2 32. Rd1 Rxc3 33.
Rxd2 Rc7 34. Ke1 Kf7 35. Re2 f5 36. Kd2 Rc6 37. Kd3 a6 38. b4 Rc7 39. a4 Rc1
40. b5 axb5 41. axb5 Rc5 42. Rb2 Rc8 43. b6 Ke6 44. Kd4 Kd6 45. b7 Rb8 46. h4
Kd7 47. Kd5 1-0

[Event "Bogny/Epernay"]
[Site "?"]
[Date "2013.02.10"]
[Round "6"]
[White "Puech, Ammel"]
[Black "Charbau, Yanick"]
[Result "1/2-1/2"]
[WhiteElo "1785"]
[BlackElo "1840"]
[PlyCount "84"]
[EventDate "2013.02.12"]
[SourceDate "2013.02.12"]

1. e4 c5 2. Nc3 Nc6 3. g3 e6 4. Bg2 Nf6 5. d3 Be7 6. Nf3 d6 7. Bd2 a6 8. a4 Qc7
9. O-O O-O 10. Re1 Bd7 11. Bf4 e5 12. Bg5 Be6 13. Nd2 Qd8 14. Bxf6 Bxf6 15. Nd5
Bxd5 16. exd5 Ne7 17. c3 Nf5 18. Ne4 Be7 19. Bh3 Nh6 20. Qe2 f5 21. Nd2 Bg5 22.
Nf3 Be7 23. Nd2 g5 24. Qh5 Kg7 25. Qe2 g4 26. Bg2 Bg5 27. Nc4 f4 28. Bf1 f3 29.
Qe4 Qf6 30. Ne3 Bxe3 31. Qxe3 Nf5 32. Qe4 h5 33. b4 cxb4 34. Qxb4 Rf7 35. Re4
Raf8 36. Rae1 Rc7 37. Rc4 Rff7 38. Ree4 Rfd7 39. Rxc7 Rxc7 40. Qa5 Qe7 41. d4
Rd7 42. dxe5 dxe5 1/2-1/2

[Event "Bogny/Epernay"]
[Site "?"]
[Date "2013.02.10"]
[Round "6"]
[White "Alcidi, Valentin"]
[Black "Crepaux, Jean-Marie"]
[Result "0-1"]
[WhiteElo "1826"]
[BlackElo "1895"]
[PlyCount "66"]
[EventDate "2013.02.12"]
[SourceDate "2013.02.12"]

1. d4 d5 2. c4 c6 3. Nf3 Nf6 4. Nc3 dxc4 5. a4 Bg4 6. Ne5 Bh5 7. Bf4 Nd5 8. Bg3
e6 9. Nxc4 Bb4 10. Qb3 a5 11. e3 O-O 12. Bd3 Na6 13. O-O c5 14. Nb5 cxd4 15.
exd4 Be7 16. Nbd6 b6 17. Nb7 Qd7 18. Ncd6 Bxd6 19. Nxd6 Nab4 20. Bb5 Qe7 21.
Rfe1 Rfd8 22. Nf5 Qf6 23. Nd6 Qxd4 24. Re4 Qd2 25. Rh4 Bg6 26. Qf3 Qxb2 27. Rd1
Qc3 28. Qe2 Qb3 29. Qd2 Nc3 30. Re1 Nxb5 31. axb5 Qd3 32. Qf4 Nd5 33. Qe5 Qc3
0-1

[Event "Bogny/Epernay"]
[Site "?"]
[Date "2013.02.10"]
[Round "6"]
[White "Leroy, Patrick"]
[Black "Husson, Christophe"]
[Result "1/2-1/2"]
[WhiteElo "1790"]
[BlackElo "1759"]
[PlyCount "75"]
[EventDate "2013.02.12"]
[SourceDate "2013.02.12"]

1. e4 Nf6 2. e5 Nd5 3. Nf3 d6 4. exd6 exd6 5. d4 Be7 6. c4 Nf6 7. Nc3 O-O 8.
Bd3 Bg4 9. O-O Nbd7 10. h3 Bh5 11. Ne4 Bg6 12. Re1 Bxe4 13. Bxe4 Nxe4 14. Rxe4
Re8 15. Qb3 b6 16. Bd2 c5 17. Rae1 Nf6 18. R4e2 Qd7 19. Bg5 h6 20. Bh4 g5 21.
Bg3 Bf8 22. d5 Rxe2 23. Rxe2 Re8 24. Qc2 Rxe2 25. Qxe2 Qe7 26. Qxe7 Bxe7 27.
Nd2 Ne8 28. f4 f5 29. fxg5 hxg5 30. Be1 Bf6 31. b3 Bc3 32. Kf2 Nf6 33. Nf3 Ne4+
34. Ke2 Bxe1 35. Kxe1 Kf7 36. a3 Kf6 37. Ke2 Nc3+ 38. Kd3 1/2-1/2

[Event "Bogny/Epernay"]
[Site "?"]
[Date "2013.02.10"]
[Round "6"]
[White "Prioux, Michel"]
[Black "vilain, Jean-Francois"]
[Result "1-0"]
[WhiteElo "1774"]
[BlackElo "1700"]
[PlyCount "63"]
[EventDate "2013.02.12"]
[SourceDate "2013.02.12"]

1. c4 Nf6 2. Nc3 g6 3. g3 Bg7 4. Bg2 O-O 5. d3 c6 6. e4 d6 7. Nge2 e5 8. O-O
Bg4 9. h3 Be6 10. f4 Qb6+ 11. Kh2 Na6 12. f5 Bd7 13. g4 h6 14. Ng3 Kh7 15. Qe2
Qd8 16. Be3 Nc7 17. Qd2 Ng8 18. g5 hxg5 19. Bxg5 Bf6 20. Be3 b5 21. Rf3 b4 22.
Nce2 a5 23. Raf1 d5 24. Bc5 dxe4 25. fxg6+ fxg6 26. Nxe4 Ne6 27. Bxf8 Nf4 28.
Nxf4 Bg5 29. Nxg5+ Qxg5 30. Rg3 Qh4 31. Nxg6 Qh5 32. Rf7# 1-0

[Event "Bogny/Epernay"]
[Site "?"]
[Date "2013.02.10"]
[Round "6"]
[White "Robert, Guillaume"]
[Black "Flamant, Jacky"]
[Result "0-1"]
[WhiteElo "1630"]
[BlackElo "1782"]
[PlyCount "118"]
[EventDate "2013.02.12"]
[SourceDate "2013.02.12"]

1. d4 Nf6 2. Nf3 d5 3. Bf4 c6 4. a4 a5 5. e3 Bg4 6. Nbd2 e6 7. h3 Bh5 8. Be2
Bd6 9. Be5 O-O 10. Rc1 Qe7 11. c4 Bb4 12. c5 Ne4 13. O-O Nd7 14. Nxe4 dxe4 15.
Bd6 Qe8 16. Ng5 Bg6 17. Bh5 f5 18. Bxf8 Bxh5 19. g4 Nxf8 20. gxh5 h6 21. Nxe4
fxe4 22. Qg4 Nh7 23. Qxe4 Ng5 24. Qg4 e5 25. h4 Nh7 26. Qf5 exd4 27. exd4 Rd8
28. Rcd1 Rd5 29. Qg4 Rxh5 30. Kh2 Nf6 31. Qf4 Nd5 32. Qg3 Qd8 33. Kh3 Rf5 34.
f4 Qf6 35. Rf2 Nxf4+ 36. Kh2 Nh5 37. Rxf5 Qxf5 38. Qb3+ Kh8 39. Rg1 Qf2+ 40.
Rg2 Qxh4+ 41. Qh3 Qxh3+ 42. Kxh3 Nf4+ 43. Kg3 Nxg2 44. Kxg2 g5 45. Kg3 h5 46.
Kh3 Kg7 47. Kg3 Kg6 48. Kf3 Kf5 49. b3 h4 50. Kg2 g4 51. Kf2 Kf4 52. Kg2 Ke3
53. d5 cxd5 54. c6 bxc6 55. Kh2 Kf3 56. Kg1 g3 57. Kf1 h3 58. Kg1 d4 59. Kh1 d3
0-1

[Event "Bogny/Epernay"]
[Site "?"]
[Date "2013.02.10"]
[Round "6"]
[White "Waczecka, Jerome"]
[Black "Marchal, Ludovic"]
[Result "1/2-1/2"]
[WhiteElo "1719"]
[BlackElo "1560"]
[PlyCount "81"]
[EventDate "2013.02.12"]
[SourceDate "2013.02.12"]

1. d4 Nf6 2. Nf3 g6 3. Bg5 Ne4 4. Bh4 Bg7 5. Nbd2 d5 6. e3 c5 7. c3 Qb6 8. Qc2
Nxd2 9. Nxd2 cxd4 10. exd4 Nc6 11. Bd3 O-O 12. f4 Nxd4 13. cxd4 Qxd4 14. Bf2
Qxb2 15. Qxb2 Bxb2 16. Rb1 Bc3 17. Rd1 Bg4 18. Be2 Bxe2 19. Kxe2 b6 20. Nb1 Bf6
21. Rxd5 Rfc8 22. Rhd1 Rc2+ 23. R1d2 Rac8 24. Rxc2 Rxc2+ 25. Rd2 Rc4 26. g3 e6
27. Na3 Ra4 28. Nb5 a6 29. Bd4 Bxd4 30. Nxd4 b5 31. Kd3 Kg7 32. Nb3 Rc4 33. Rc2
Rxc2 34. Kxc2 Kf6 35. Nc5 a5 36. Nb7 a4 37. Kc3 h5 38. Nd6 e5 39. fxe5+ Kxe5
40. Nxf7+ Ke6 41. Ng5+ 1/2-1/2

[Event "Bogny/Epernay"]
[Site "?"]
[Date "2013.02.10"]
[Round "6"]
[White "Massart, Sylvain"]
[Black "Gervaise, Marina"]
[Result "1/2-1/2"]
[WhiteElo "1450"]
[BlackElo "1650"]
[PlyCount "60"]
[EventDate "2013.02.12"]
[SourceDate "2013.02.12"]

1. e4 e5 2. Nc3 Nf6 3. b3 Bc5 4. h3 Nc6 5. g4 h6 6. d3 Nd4 7. g5 hxg5 8. Bxg5
Bb4 9. Bd2 d6 10. Nd5 Bxd2+ 11. Qxd2 Nxd5 12. exd5 Qf6 13. O-O-O b6 14. Ne2
Nxe2+ 15. Qxe2 Bb7 16. Qe4 O-O-O 17. h4 Kb8 18. Bg2 Rh6 19. Rdf1 Rdh8 20. Kb1
Rxh4 21. Rxh4 Rxh4 22. f4 Rxf4 23. Rxf4 Qxf4 24. Qh7 a6 25. Qxg7 Qd4 26. Qg8+
Ka7 27. Be4 Bxd5 28. Bxd5 Qxd5 29. Qc8 Qc6 30. Qf5 Qe8 1/2-1/2

[Event "N4 Rethel  Echiquier Aubois"]
[Site "?"]
[Date "2012.12.09"]
[Round "3"]
[White "Ferrand, Christophe"]
[Black "biniaux, Michael"]
[Result "1-0"]
[WhiteElo "1877"]
[BlackElo "1729"]
[PlyCount "115"]
[EventDate "2012.10.14"]
[SourceDate "2012.12.09"]

1. e4 d5 2. exd5 Qxd5 3. Nc3 Qa5 4. d4 c6 5. Bc4 Nf6 6. Nge2 Bg4 7. O-O e6 8.
Bf4 Nbd7 9. h3 Bh5 10. Qd2 Be7 11. Rfe1 O-O 12. Nd5 Qd8 13. Nxe7+ Qxe7 14. Nc3
Qb4 15. Bb3 Rad8 16. a3 Qa5 17. Qe3 Rc8 18. f3 Nd5 19. Nxd5 cxd5 20. Rac1 b5
21. Bd6 Rfd8 22. Be7 Re8 23. Bb4 Qd8 24. a4 a5 25. Bd2 b4 26. c3 bxc3 27. Rxc3
Rb8 28. Rec1 Qb6 29. Qf2 f6 30. Be3 Qb4 31. h4 f5 32. Qg3 Kh8 33. Qc7 Nf8 34.
Kh1 Rb7 35. Qc5 Ng6 36. Qxb4 axb4 37. Rc8 Rb8 38. Rxe8+ Rxe8 39. Bd2 h6 40. a5
Ra8 41. Bxb4 Nxh4 42. Rc6 Nxf3 43. gxf3 Bxf3+ 44. Kh2 g5 45. Rxe6 Kg7 46. a6 f4
47. Bd6 Rc8 48. Re7+ Kf6 49. Rc7 Re8 50. Be5+ Kf5 51. Ba4 Rf8 52. a7 g4 53.
Bd7+ Kg5 54. Bc8 g3+ 55. Kg1 Kh4 56. a8=Q Be4 57. Qa6 h5 58. Bf6+ 1-0